00509nam a2200193 a 4500001001300000003000900013005001700022008004100039020002300080082002100103100002300124245003700147260003700184300000900221500003500230505001000265650001700275700002300292nice12345678IN_TiNIC20260116014145.0050524s2004 dela grp 000 0 eng  a8170995 c25000a306.0899145bVAI aVaid, Naresh Kumar aWho Cares for Tribal Development aDelhibMittal Publication c2004 a150p aincludes index and biblioraphy2 aIndex aTribes-India1 aVaid, Naresh Kumar